Premier league - ranking wszechczasów - Statistics

General Stats
  • This quiz has been taken 8 times
  • The average score is 23 of 51
Answer Stats
Punkty Drużyna % Correct
2569 Manchester United
100%
1917 Manchester City
80%
2427 Arsenal
60%
1589 Aston Villa
60%
301 Birmingham City
60%
404 Brighton
60%
64 Cardiff City
60%
2343 Chelsea
60%
737 Crystal Palace
60%
274 Derby County
60%
1722 Everton
60%
816 Fulham
60%
839 Leeds
60%
2371 Liverpool
60%
1630 Newcastle
60%
392 Nottingham Forest
60%
1100 Southampton
60%
1973 Tottenham
60%
1406 West Ham
60%
479 Wolverhampton
60%
575 Bolton
40%
360 Burnley
40%
409 Coventry City
40%
53 Huddersfield Town
40%
171 Hull City
40%
246 Ipswich Town
40%
846 Leicester
40%
26 Luton Town
40%
661 Middlesbrough
40%
402 Norwich City
40%
293 Portsmouth
40%
308 Queens Park Rangers
40%
119 Reading
40%
225 Sheffield United
40%
392 Sheffield Wednesday
40%
457 Stoke City
40%
645 Sunderland
40%
312 Swansea City
40%
374 Wimbledon
40%
35 Barnsley
20%
970 Blackburn Rovers
20%
39 Blackpool
20%
376 Bournemouth
20%
62 Bradford City
20%
223 Brentford
20%
361 Charlton
20%
89 Oldham Athletic
20%
30 Swindon Town
20%
285 Watford
20%
490 West Brom
20%
331 Wigan Athletic
20%
No matching quizzes found
Score Distribution
Percent of People with Each Score
Percentile by Number Answered
Your Score History
You have not taken this quiz